000 00695nam a2200253Ia 4500
003 OSt
005 20220918175021.0
006 a|||||r|||| 00| 0
007 ta
008 220917b |||||||| |||| 00| 0 eng d
024 _a15,177
037 _cTextual
040 _aARTS
_cARTS
_beng
041 _2eng
_aeng
082 _aO111:gvN5, M6
100 _aWellek Rene
245 0 _aHistory of modern criticism 1750-1950 American criticism
_b 1900-1950
260 _aLondon
_bJonathan Cape USA
_c1986
300 _a345p
_ccm.
500 _aBib 301-24p
650 _aENGLISH LITERATURE
942 _hO111:gvN5, M6
_cTEXL
_2CC
999 _c155627
_d155627